[Event "1st Charlotte Masters 2021"]
[Site "Charlotte"]
[Date "2021.02.13"]
[Round "1.1"]
[White "Adamson, Robby"]
[Black "Sarkar, Justin"]
[Result "1/2-1/2"]
[WhiteElo "2239"]
[BlackElo "2366"]
[Annotator "TA"]
[PlyCount "41"]
[EventDate "2021.02.12"]
[EventType "swiss"]
[EventCountry "USA"]
[SourceTitle "playchess.com"]
[Source "ChessBase"]
[SourceQuality "1"]

{[%evp 13,41,26,45,25,35,30,16,13,13,9,9,9,15,11,35,27,27,27,28,31,34,38,30,28,26,26,31,16,23,0]} 1. e4 c5 2. c3 d5 3. exd5 Qxd5 4. d4 Nf6 5. Nf3 e6 6. Na3 a6 7. Nc4 {[%cal Ba3c4,Bc4e3,Be3c2][%mdl 32]} Nbd7 8. a4 {B22: Sicilian: 2 c3.} cxd4 9. Qxd4 Bc5 10. Qxd5 {The position is equal.} exd5 11. Ne3 O-O 12. Bd3 Re8 13. O-O Ne5 14. Nxe5 Rxe5 15. Nc2 Bd7 16. Bf4 Ree8 {[#]} 17. Be3 $146 ({Predecessor:} 17. a5 Ng4 18. Rad1 Ne5 19. Be2 Ba4 20. Rd2 Nc4 21. Bxc4 dxc4 22. Ne3 Re4 23. Nd5 {1-0 (46) Gavrilov,A (2489)-Filipenko,A (2354) Dagomys 2010}) 17... Bxe3 18. Nxe3 a5 19. Rfd1 Bc6 20. Be2 Re4 21. Bf3 {Weighted Error Value: White=0.03/Black=0.03} 1/2-1/2

[Event "1st Charlotte Masters 2021"]
[Site "Charlotte"]
[Date "2021.02.13"]
[Round "1.2"]
[White "Mishra, Abhimanyu"]
[Black "Chiu, Isaac"]
[Result "1-0"]
[WhiteElo "2354"]
[BlackElo "2209"]
[Annotator "TA"]
[PlyCount "81"]
[EventDate "2021.02.12"]
[EventType "swiss"]
[EventCountry "USA"]
[SourceTitle "playchess.com"]
[Source "ChessBase"]
[SourceQuality "1"]

{[%evp 14,81,22,22,20,18,29,20,48,43,41,42,35,33,27,31,26,30,36,7,11,-35,-35,-26,-28,-37,-17,-33,16,16,10,16,13,10,13,9,8,-10,-14,-39,-35,-44,20,22,25,27,33,0,295,268,278,277,418,412,599,384,615,630,2694,2482,1670,746,29988,29989,29990,29991,29991,29992,29992,29993]} 1. d4 g6 2. e4 Bg7 3. c4 d6 4. Nc3 e5 5. Nf3 Nc6 6. Be3 Bg4 7. d5 Nd4 8. Be2 Nxe2 {A42: Modern Defence: Averbakh Variation.} 9. Qxe2 Ne7 10. O-O-O {[#]} h6 $146 {The position is equal.} ({Predecessor:} 10... O-O 11. h3 Bd7 12. Qd2 f5 13. Qc2 f4 14. Bd2 c5 15. dxc6 bxc6 16. Ne2 Qc7 {0-1 (38) Vucinic,G-Jovic,C (2132) Novi Becej 2007}) 11. h3 Bd7 12. g4 a6 13. c5 dxc5 14. Bxc5 Nc8 15. Nd2 b6 {[%cal Bb7b6,Bb6b5][%mdl 32]} 16. Be3 Nd6 17. Nc4 b5 18. Nxd6+ cxd6 19. Qd2 Bf6 20. Kb1 Bg5 21. f4 exf4 22. Bd4 Bf6 23. Qxf4 {[%mdl 64] Double Attack} Bxd4 24. Rxd4 {Threatens to win with e5.} Qe7 25. Ne2 {[%cal Bc3e2,Be2d4,Bd4f3][%mdl 32]} Rc8 26. Rd3 h5 {Hoping for ...hxg4.} 27. g5 h4 ({Better is} 27... a5 $15) 28. Nd4 $11 Rc4 29. b3 Rc5 30. Nf3 Rh5 $2 {[%mdl 8192]} (30... a5 $11 {and Black is okay.}) 31. Kb2 Kf8 {[#]} 32. Re1 $1 Kg8 (32... Kg7 {keeps fighting.} 33. e5 dxe5) 33. e5 $18 dxe5 (33... Qf8 $142 34. e6 (34. Nxh4 Qg7 $11) 34... fxe6 35. Qxf8+ Kxf8) 34. Rxe5 Qd8 (34... Qf8 35. d6 (35. Nxh4 Rc8 $11) 35... Rc8) 35. d6 Rc6 36. Re7 Bf5 {[#]} 37. d7 $1 {[%mdl 512]} Rc2+ (37... Re6 38. Rxe6) 38. Kxc2 {White mates.} Bxd3+ 39. Kxd3 Qxe7 40. Qb8+ Kh7 41. d8=Q {[%csl Gb8][%cal Rd8h8] Weighted Error Value: White=0.13/Black=0.50} 1-0

[Event "1st Charlotte Masters 2021"]
[Site "Charlotte"]
[Date "2021.02.13"]
[Round "1.3"]
[White "Park, Evan"]
[Black "Liang, Jason"]
[Result "1/2-1/2"]
[WhiteElo "2207"]
[BlackElo "2342"]
[Annotator "TA"]
[PlyCount "115"]
[EventDate "2021.02.12"]
[EventType "swiss"]
[EventCountry "USA"]
[SourceTitle "playchess.com"]
[Source "ChessBase"]
[SourceQuality "1"]

{[%evp 15,115,18,21,16,32,22,29,14,16,9,18,12,18,20,16,16,19,10,11,6,9,10,12,14,22,20,28,15,31,15,12,10,12,0,27,1,19,22,17,29,25,8,8,8,74,74,74,74,74,74,74,74,74,74,74,74,74,71,96,22,12825,12825,5716,5628,1758,1633,1055,873,6821,31,31,31,31,31,31,37,38,38,39,0,0,0,0,0,2303,0,14,0,0,0,0,0,0,0,0,0,0,0,0,0,0,0]} 1. e4 c6 2. d4 d5 3. Nc3 dxe4 4. Nxe4 Nf6 5. Nxf6+ exf6 6. c3 Bd6 7. Bd3 O-O 8. Ne2 Re8 9. O-O {B15: Caro-Kann: 3 Nc3: 3...g6 and 3...dxe4 4 Nxe4 Nf6 5 Nxf6+ exf6.} Nd7 {[%cal Bb8d7,Bd7f8,Bf8g6,Bg6f4,Bf4d3][%mdl 32]} 10. Bf4 Nf8 11. Qd2 {White has an edge. seems to push 11.Bxd6 aside.} Ng6 {aiming for ...Rxe2!} 12. Bg3 Be6 13. Rfe1 Qc7 14. Bxd6 Qxd6 15. Ng3 Nf4 16. Ne4 Qc7 17. Nc5 Nxd3 {[#]} 18. Qxd3 $146 ({Predecessor:} 18. Nxe6 fxe6 19. Qxd3 e5 20. dxe5 Rxe5 21. Rxe5 Qxe5 22. Qc4+ Kh8 23. Qf7 Re8 24. h3 Qe7 25. Qxe7 Rxe7 26. Rd1 Kg8 27. Kf1 {½-½ (26) Movsesian,S (2645)-Riazantsev,A (2653) Wolfhagen 2019}) 18... b6 19. Nxe6 fxe6 20. Re3 Qd6 21. Rae1 Qd5 22. c4 Qd7 23. Qe2 {[%cal Re3e6]} Rad8 24. h3 {[%cal Re3e6]} h6 25. g3 Qxd4 26. Rxe6 Rxe6 27. Qxe6+ $11 {[%mdl 4160] Endgame Double Attack. KQR-KQR} Kh7 28. Qxc6 Qxb2 29. Re7 Qxa2 (29... Kh8 $11 {keeps the balance.}) 30. Qxf6 $1 $16 {[%csl Ge7][%cal Rf6g7]} Rg8 31. Qd4 Qa3 32. Rd7 Kh8 33. Kg2 (33. Kh2 {looks sharper.} Qa4 34. h4 Kh7 35. Re7 Kh8 36. Kh3) 33... Qa4 34. Rc7 Qa5 35. h4 Qa2 36. g4 Qa5 37. g5 (37. Re7 $16) 37... hxg5 $2 {[%mdl 8192] [#]} (37... Qf5 $11) 38. h5 $1 $18 {[%cal Rh5h6]} Qf5 {[#]} 39. h6 $1 {[%cal Rc7g7]} Qg6 40. hxg7+ Kh7 41. Rxa7 Qf5 42. Ra1 $2 (42. Re7 $18 {Hoping for Re5.} g4 43. Re5 Qf3+ 44. Kg1 Rxg7 45. Rh5+ Kg6 46. Rh4) 42... Rxg7 $14 43. Rh1+ Kg8 44. Qd8+ Kf7 45. Qc7+ Kg8 46. Qb8+ Kf7 47. Qb7+ (47. Rh3 {feels hotter.} Qg4+ 48. Rg3 Qe4+ 49. Rf3+ Kg6 50. Qxb6+ Kh5 51. Qe3) 47... Kg8 48. Qa8+ (48. Qc6 {keeps more tension.} Qg4+ 49. Kf1 Qd1+ 50. Kg2 Qg4+) 48... Kf7 49. Rh3 g4 {[%mdl 8192]} (49... Qg4+ $11 50. Kh2 Qe6) 50. Re3 $2 (50. Qa7+ $18 Kg8 51. Qa8+ Kf7 52. Qb7+ Kg8 53. Qb8+ Kf7 54. Qc7+ Kg8 55. Qb8+ Kf7 56. Re3) 50... Qd7 {The position is equal.} 51. Ra3 Kf6 52. Qf8+ (52. Ra6 {is interesting.} Qd6 53. c5 Qxc5 54. Ra4 Kg5 55. Qd8+) 52... Kg6 53. Re3 Qc6+ 54. Kg1 {And now Re5 would win.} Qxc4 55. Qd6+ Kh7 56. Qh2+ Kg6 57. Qd6+ Kh7 58. Qh2+ {Weighted Error Value: White=0.45/Black=0.07} 1/2-1/2

[Event "1st Charlotte Masters 2021"]
[Site "Charlotte"]
[Date "2021.02.13"]
[Round "1.4"]
[White "Sinha, Sahil"]
[Black "Wu, Derek"]
[Result "1-0"]
[WhiteElo "2324"]
[BlackElo "2198"]
[Annotator "TA"]
[PlyCount "61"]
[EventDate "2021.02.12"]
[EventType "swiss"]
[EventCountry "USA"]
[SourceTitle "playchess.com"]
[Source "ChessBase"]
[SourceQuality "1"]

{[%evp 26,61,25,10,10,0,0,0,58,73,68,67,589,589,590,590,857,741,733,681,649,546,531,546,769,699,706,584,668,614,858,847,763,638,971,876,1347,1022]} 1. d4 d5 2. c4 e6 3. Nc3 Nf6 4. Nf3 c5 5. cxd5 Nxd5 6. e4 Nxc3 7. bxc3 cxd4 8. cxd4 Bb4+ 9. Bd2 Bxd2+ 10. Qxd2 O-O 11. Bc4 Nd7 12. O-O b6 13. Rfe1 Bb7 14. Rad1 Rc8 {D41: Queen's Gambit Declined: Semi-Tarrasch with 5 cxd5.} 15. Bb3 Re8 16. Qe3 {[#]} b5 $146 ({Black should play} 16... h6 $11) ({Predecessor:} 16... Nf6 17. Nd2 Qe7 18. f3 Qb4 19. Nf1 Red8 20. Qd2 Qxd2 21. Rxd2 b5 22. Ne3 a5 23. Rb1 Rc3 24. Nd1 Rc7 25. Ne3 b4 26. Bc4 Rdc8 27. Rc1 Kf8 28. Rdc2 Ke7 {½-½ (28) Sarana,A (2468)-Schroeder,J (2543) Moscow 2017}) 17. d5 $14 exd5 {[%cal Re8e4]} 18. Bxd5 Rc7 {[%mdl 8192] [#]} (18... Bxd5 $14 19. Rxd5 Qc7) 19. Bxf7+ $1 $18 {[%mdl 512] White is clearly winning.} Kxf7 {[#]} 20. Ng5+ $1 {[%mdl 64] Double Attack} Kg6 21. Rd6+ Qf6 22. Rxf6+ gxf6 {[#]} 23. Qf4 {Threatening mate with Qf5+.} Rc5 24. Nf3 Ne5 25. Nd4 Bc8 26. h3 Nc4 27. Kh2 a5 28. Qg3+ Kf7 {[#]} 29. Nxb5 $1 {[%mdl 512]} Rg8 (29... Rxb5 30. Qc7+) 30. Nd6+ Kf8 31. Qf4 {[%cal Rf4f6] White took control after the opening.  Weighted Error Value: White=0.33/Black=1.09} 1-0

[Event "1st Charlotte Masters 2021"]
[Site "Charlotte"]
[Date "2021.02.13"]
[Round "1.5"]
[White "Oberoi, Shelev"]
[Black "Kumar, Nikhil"]
[Result "1-0"]
[WhiteElo "2161"]
[BlackElo "2322"]
[Annotator "TA"]
[PlyCount "79"]
[EventDate "2021.02.12"]
[EventType "swiss"]
[EventCountry "USA"]
[SourceTitle "playchess.com"]
[Source "ChessBase"]
[SourceQuality "1"]

{[%evp 17,79,0,0,-2,-6,-8,-2,0,0,0,16,7,7,7,11,7,14,0,0,-12,81,55,137,137,137,153,360,350,358,356,346,357,356,357,356,353,351,343,397,343,308,0,396,399,437,406,424,426,461,461,472,389,495,495,708,704,762,711,762,752,752,739,716,693]} 1. e4 e5 2. Nf3 Nc6 3. d4 exd4 4. Nxd4 Nf6 5. Nxc6 bxc6 6. Bd3 d5 7. exd5 cxd5 8. O-O Be7 9. b3 O-O 10. Bb2 {C45: Scotch Game.} Bg4 11. Be2 {[#]} Bxe2 $146 ({Predecessor:} 11... Bf5 12. Nd2 c5 13. Bf3 Rb8 14. Be5 Rb6 15. c4 d4 16. Bxf6 Bxf6 17. Ne4 Be5 {0-1 (44) Sunal,J (1740)-Voros,G (2136) Slovakia 2017}) 12. Qxe2 {The position is equal.} Re8 13. Qd3 Qd7 14. Nd2 {[%cal Bb1d2,Bd2f3,Bf3d4,Bd4e6][%mdl 32]} Rad8 15. Rfe1 h6 16. Rad1 Qc6 17. Nf3 Ne4 18. Nd4 Qf6 (18... Qb6 $11 {remains equal.}) 19. f3 $16 Nc5 {[#]} (19... Ng5 $1 $14) 20. Qb5 $1 a6 {[#]} 21. Qc6 Rf8 $2 (21... Nd7 $16 22. Qxc7 Nf8) 22. Ba3 $18 ({Not} 22. Qxc7 Bd6 $16) 22... Ne6 23. Nxe6 Bxa3 24. Nxd8 Rxd8 25. Qxf6 gxf6 {[%mdl 4096] Endgame KRR-KRB} 26. Rd3 c6 27. Kf1 a5 28. Rd4 Bc5 29. Rd3 Ba3 $1 {[#]} 30. Re4 $3 {[%mdl 512]} Ra8 (30... Bb4 31. c4) 31. Rg4+ Kf8 32. c4 dxc4 33. Rxc4 c5 34. Rd7 Re8 35. Re4 {White is clearly winning.} Rxe4 (35... Re6 $142 36. Rxe6 fxe6) 36. fxe4 Kg7 37. Ke2 Kg6 38. Rd5 Bb4 39. Kd3 h5 40. Kc4 {Weighted Error Value: White=0.19/Black=0.26} 1-0

[Event "1st Charlotte Masters 2021"]
[Site "Charlotte"]
[Date "2021.02.13"]
[Round "1.6"]
[White "Posthuma, Joshua"]
[Black "Kumar, Naman"]
[Result "1-0"]
[WhiteElo "2307"]
[BlackElo "2158"]
[Annotator "TA"]
[PlyCount "77"]
[EventDate "2021.02.12"]
[EventType "swiss"]
[EventCountry "USA"]
[SourceTitle "playchess.com"]
[Source "ChessBase"]
[SourceQuality "1"]

{[%evp 12,77,1,0,-12,-15,41,52,56,52,218,223,237,237,233,218,228,228,265,262,259,268,269,266,279,254,291,285,277,273,274,268,291,302,313,308,356,363,347,290,298,296,325,273,347,337,405,320,322,300,312,288,398,372,410,406,451,456,581,575,528,529,843,843,810,777,818,806]} 1. d4 Nf6 2. c4 e6 3. g3 d5 4. Bg2 Bb4+ 5. Nd2 O-O 6. Ngf3 dxc4 7. Qc2 a5 {E04: Open Catalan: 5 Nf3.} 8. O-O b6 (8... b5 $1 $11) 9. Nxc4 $14 Bb7 {[#] White is slightly better.} 10. Bg5 $146 ({Predecessor:} 10. Rd1 Be4 11. Qb3 Qd5 12. Nh4 Bxg2 13. Nxg2 b5 14. Ne5 Qxb3 15. axb3 Rd8 16. Bg5 {½-½ (50) Lopez Mulet,I (2305)-Santos Latasa,J (2524) Linares 2017}) 10... Be4 $2 {[#]} (10... Be7 $14) 11. Qxe4 $3 $18 {[%mdl 512]} Nxe4 12. Bxd8 Rxd8 {[#]} 13. Ng5 $1 {[%mdl 512]} Nxg5 14. Bxa8 {And now h4 would win.} f6 15. Rfd1 Nf7 16. Rac1 Kf8 17. e3 Rd7 18. Bf3 Nd8 19. a3 Be7 20. h4 Nf7 21. Kg2 Nd6 22. Nd2 f5 23. Rc2 Bd8 24. Rdc1 g6 25. Ba8 Nf7 26. Nf3 h6 27. Bb7 Re7 28. Bc6 e5 29. Bd5 e4 30. Nd2 Nd6 31. b4 a4 32. Nb1 Kg7 33. Nc3 b5 34. Ba2 {White is clearly winning.} Na6 35. Nd5 Rd7 36. Nf4 Kh7 37. Ne6 Kh8 38. Rc6 Nb8 39. Nxd8 {Black did not feel at home in the position after the opening.  Weighted Error Value: White=0.09/Black=0.40} 1-0

[Event "1st Charlotte Masters 2021"]
[Site "Charlotte"]
[Date "2021.02.13"]
[Round "1.7"]
[White "Resika, Nathan"]
[Black "Wang, Tianqi"]
[Result "0-1"]
[WhiteElo "2155"]
[BlackElo "2307"]
[Annotator "TA"]
[PlyCount "70"]
[EventDate "2021.02.12"]
[EventType "swiss"]
[EventCountry "USA"]
[SourceTitle "playchess.com"]
[Source "ChessBase"]
[SourceQuality "1"]

{[%evp 19,70,6,0,0,2,0,19,19,19,17,20,15,22,29,22,33,16,21,33,25,42,-10,-10,-88,-39,-39,-39,-87,-19,-15,-18,-51,-29,-25,-31,-22,-22,-23,0,-46,-44,-346,27,-57,-20,-326,-352,-312,-323,-1011,-1007,-1027,-993]} 1. Nf3 c5 2. c4 g6 3. g3 Bg7 4. Nc3 Nc6 5. Bg2 e5 6. O-O d6 7. a3 a5 8. d3 Nge7 9. Ne1 Be6 10. Nc2 d5 11. cxd5 {A37: Symmetrical English vs ...g6: 4 Bg2 Bg7 5 Nf3.} Nxd5 12. Ne3 {[%cal Re3d5]} Nde7 13. Nc4 {The position is equal.} O-O 14. Bg5 f6 15. Be3 b6 16. Qa4 Qc7 17. f4 Rab8 18. fxe5 f5 19. Bf4 h6 {[#]} 20. e4 $146 (20. h4 $1 $14) ({Predecessor:} 20. h4 Nd4 21. e3 Ndc6 22. Rad1 Rfd8 23. Nb5 Qd7 24. d4 cxd4 25. exd4 Na7 26. d5 Nxd5 27. Bxd5 Bxd5 {½-½ (68) Forster,R (2458)-Jovanovic,Z (2581) Porto Carras 2011}) 20... fxe4 21. dxe4 (21. Bxe4 $11 {remains equal.} g5 22. Bd2) 21... g5 22. Be3 Nxe5 23. Nd5 Bxd5 (23... Nxd5 $17 24. exd5 Bd7) 24. exd5 $11 Nf5 {Threatens to win with ...b5.} 25. Bd2 Ng4 26. Bc3 Bxc3 27. bxc3 {Black must now prevent Qc2.} Nxg3 {( -> ...Ne2+)} 28. d6 Ne2+ {[%mdl 64] [#] Double Attack} (28... Rxf1+ $2 29. Rxf1 Ne2+ 30. Kh1 $18) 29. Kh1 Qg7 $40 {[%mdl 128] Black attacks.} 30. Qc2 {[%mdl 8192]} (30. Rae1 $1 $15 Nf2+ 31. Rxf2 Rxf2 32. Qd1 Nxc3 33. Qd3) 30... Nf4 $2 ({Inferior is} 30... Nxc3 31. h3 $16) ({Black should play} 30... Nf2+ $19 31. Rxf2 Rxf2) 31. Qd1 (31. Rae1 $11 Kh8 32. Bf3) 31... Ne5 ({Don't go for} 31... Qxc3 $2 32. Rc1 $18) 32. Rxf4 $4 {[%mdl 8192]} Rxf4 $19 ({Resist} 32... gxf4 33. Qd5+ Nf7 34. d7 $19) 33. Qd5+ Nf7 {[%mdl 64] [#] Discovered Attack} 34. Re1 $2 (34. Qd3) 34... Qxc3 {[%mdl 64] Double Attack} 35. Nd2 Rd4 {[%mdl 64] Double Attack.  Weighted Error Value: White=0.70/Black=0.35} 0-1

[Event "1st Charlotte Masters 2021"]
[Site "Charlotte"]
[Date "2021.02.13"]
[Round "1.8"]
[White "Mardov, Dimitar"]
[Black "Eckert, Doug"]
[Result "1/2-1/2"]
[WhiteElo "2265"]
[BlackElo "2151"]
[Annotator "TA"]
[PlyCount "122"]
[EventDate "2021.02.12"]
[EventType "swiss"]
[EventCountry "USA"]
[SourceTitle "playchess.com"]
[Source "ChessBase"]
[SourceQuality "1"]

{[%evp 10,122,35,35,33,35,30,28,29,29,25,26,29,27,33,29,22,6,34,43,54,50,96,75,101,79,76,42,60,36,103,96,106,78,86,60,78,78,79,62,77,45,45,45,47,20,22,18,23,12,8,8,41,9,10,0,0,0,5,12,20,20,22,0,61,0,0,0,0,0,0,0,272,254,245,158,161,174,164,137,157,124,242,242,220,260,259,2,20,0,6,8,7,5,8,5,56,54,137,-197,-171,-149,-24,-32,0,-981,-978,-905,0,0,0,-901,-887,-29999,0]} 1. e4 e5 2. Nf3 Nc6 3. Bc4 Nf6 4. d3 h6 5. O-O d6 6. c3 g5 $1 {[%mdl 4] is currently scoring better than 6...g6. C55: Two Knights: 4 d3, 4 d4 exd4 5 e5 and Max Lange Attack.} 7. Nbd2 Bg7 8. a4 O-O {White has an edge.} 9. h3 Ne7 10. Re1 Ng6 11. Nf1 c6 {[#]} 12. Bb3 $146 ({Predecessor:} 12. Qc2 d5 13. Bb3 Re8 14. Ng3 Qc7 15. Be3 Be6 16. Rad1 a5 17. Nd2 Rad8 18. d4 dxe4 19. Bxe6 Rxe6 20. Ngxe4 Nxe4 21. Nxe4 exd4 22. cxd4 {1-0 (66) Zhang,S (2033)-Park,E (2173) ICC INT 2020}) 12... d5 13. Bc2 dxe4 14. dxe4 Qxd1 15. Rxd1 g4 16. hxg4 Bxg4 17. N1h2 Be6 18. Be3 Rfe8 19. Rd2 Ng4 ({Black should try} 19... Bf8 $14) 20. Nxg4 $16 Bxg4 21. Nh2 Be6 22. Nf1 Kh7 23. Ng3 Bf6 24. Nf5 Bg5 $1 25. Bxg5 hxg5 26. Rad1 Nf4 27. g3 Nh5 28. Nd6 Re7 29. Kg2 Kg7 30. a5 a6 31. b4 Nf6 32. f3 Rd7 33. g4 Rad8 34. Rd3 Rh8 35. c4 Kf8 36. c5 Ng8 ({Black should play} 36... Ne8 $11) 37. Nc8 (37. R3d2 $14) 37... Rxd3 $11 38. Rxd3 Bxc8 39. Rd8+ {[%mdl 64] Double Attack} Kg7 40. Rxc8 {[%mdl 4096] Endgame aiming for Rc7. KRB-KRN} Ne7 $2 {[%mdl 8192]} (40... Nf6 $11 {and Black has nothing to worry.} 41. Rxh8 Kxh8) 41. Rc7 $1 $18 {[%csl LRb7,LRe7]} Ng6 42. Bb3 Nf4+ 43. Kg1 Ne2+ 44. Kf1 Nd4 45. Bxf7 Rh3 (45... Kf6 $16) 46. Bc4+ Kg6 47. Rxb7 Rxf3+ 48. Kg2 $2 (48. Ke1 $18) 48... Rf4 $11 49. Bxa6 Rxg4+ 50. Kf2 Rf4+ 51. Kg3 {Black must now prevent b5.} Rf3+ 52. Kg2 {Threatens to win with b5.} Rc3 (52... Ra3 $11) 53. Rb8 Kh5 ({Better is} 53... Rc2+ $14 54. Kf1 Kh5) 54. Bc8 $2 {[%mdl 8192]} (54. Rh8+ $16 {is necessary to keep the advantage.} Kg6 55. Bb7) 54... Kh4 $1 $19 {[%mdl 1024] ...Rc2+ is the strong threat. Black has strong compensation.} 55. Kf1 {[#]} g4 (55... Rc2 $1 $17 {[%cal Rc2d2] Strongly threatening ...Rd2.} 56. Ba6 Kg3) 56. Bd7 $1 $11 Rc1+ (56... Kg3 {seems wilder.} 57. Ke1 Rd3 58. Rd8 Kf4 59. Rf8+ Ke3) 57. Kg2 $2 {[%mdl 8192]} (57. Kf2 $11) 57... Rc2+ $19 58. Kf1 Rc1+ 59. Kg2 {And now Rh8+ would win.} Rc2+ 60. Kf1 {[#]} Kg3 $1 {[%cal Rc2c1]} 61. Bc8 Kh4 $2 {What a bad dream for White.  Weighted Error Value: White=0.47/Black=0.32} (61... Rc1# {mates}) 1/2-1/2

[Event "1st Charlotte Masters 2021"]
[Site "Charlotte"]
[Date "2021.02.13"]
[Round "1.9"]
[White "Yanayt, Eugene"]
[Black "Perrine, Dalton"]
[Result "1/2-1/2"]
[WhiteElo "2100"]
[BlackElo "2247"]
[Annotator "TA"]
[PlyCount "40"]
[EventDate "2021.02.12"]
[EventType "swiss"]
[EventCountry "USA"]
[SourceTitle "playchess.com"]
[Source "ChessBase"]
[SourceQuality "1"]

{[%evp 24,40,54,63,66,66,64,57,72,59,68,50,73,34,46,11,8,8,9]} 1. d4 Nf6 2. c4 c5 3. d5 b5 4. cxb5 a6 5. bxa6 g6 6. Nc3 Bxa6 7. Nf3 Bg7 8. g3 d6 9. Bg2 Nbd7 10. Rb1 Nb6 11. b3 Bb7 12. Nh4 O-O 13. O-O Ng4 {A58: Benko/Volga Gambit: Lines with 5 bxa6.} 14. Bb2 Bxc3 15. Bxc3 Rxa2 {White is slightly better.} 16. e4 Nf6 17. Ra1 Qa8 {[#]} 18. Rxa2 $146 ({Predecessor:} 18. Qc1 Rxa1 19. Bxa1 Qd8 20. Qg5 Bc8 21. Rc1 Nh5 22. Bc3 f6 23. Qe3 g5 24. Nf3 {1-0 (61) Ouerk,Y (2248)-Bressac,S (2250) Condom 2013}) 18... Qxa2 19. Qa1 Qxa1 20. Rxa1 Ra8 {Weighted Error Value: White=0.16/Black=0.05} 1/2-1/2

[Event "1st Charlotte Masters 2021"]
[Site "Charlotte"]
[Date "2021.02.14"]
[Round "2.1"]
[White "Wang, Tianqi"]
[Black "Mishra, Abhimanyu"]
[Result "0-1"]
[WhiteElo "2307"]
[BlackElo "2354"]
[Annotator "TA"]
[PlyCount "84"]
[EventDate "2021.02.12"]
[EventType "swiss"]
[EventCountry "USA"]
[SourceTitle "playchess.com"]
[Source "ChessBase"]
[SourceQuality "1"]

{[%evp 11,84,-17,-20,-10,-28,-20,-16,-14,-19,0,0,0,0,0,5,4,0,0,47,0,0,-56,-3,0,52,-42,-45,-94,-73,-144,-137,-136,-87,-91,-82,-108,-108,-130,-114,-150,-161,-129,-158,-256,-179,-169,-164,-146,-142,-218,-210,-216,-210,-432,-470,-588,-590,-585,-585,-585,-585,-585,-572,-569,-566,-556,-541,-708,-675,-29978,-29978,-29977,-29974,-29995,-29996]} 1. e4 c5 2. Nc3 d6 3. f4 g6 4. Nf3 Bg7 5. Bc4 Nc6 6. O-O e6 7. d4 {is currently scoring better than 7.d3. B23: Closed Sicilian: Lines without g3.} cxd4 8. Nb5 a6 9. Nbxd4 {The position is equal.} Nxd4 10. Nxd4 Nf6 11. f5 {[#]} gxf5 $146 ({Predecessor:} 11... e5 12. Nf3 gxf5 13. Ng5 O-O 14. exf5 d5 15. Bb3 Bd7 16. Qe1 Bb5 17. Rf3 e4 {1-0 (32) Lazov,T (2405)-Baenziger,F (2409) chess.com INT 2020}) 12. exf5 e5 13. Nf3 Qc7 {[#] Strongly threatening ...Qc5+.} 14. Bb3 h6 15. Qe1 Bd7 (15... Bxf5 {[#]} 16. Nxe5 $1 dxe5 17. Rxf5 $16) 16. Qg3 (16. Be3 $11) 16... Rh7 (16... Rg8 $15) 17. Be3 Bc6 ({Better is} 17... Bh8 $11) 18. Qh4 ({White should try} 18. Qf2 $1 $14) 18... O-O-O 19. Qb4 a5 20. Qb6 (20. Qh4 $142) 20... Ng4 $17 21. c3 Nxe3 22. Qxe3 d5 23. Rad1 f6 24. Nh4 h5 25. Kh1 Bh6 26. Qf3 {[%cal Rb3d5]} e4 27. Qe2 (27. Qf2 $17) 27... Bf4 28. h3 Bg3 29. Ng6 Qb6 $36 {[%mdl 2048] Threatens to win with ...a4. White is under strong pressure.} 30. Qc2 (30. Rd4 $17) 30... Qe3 $19 31. a4 Rhd7 32. Qd2 $2 (32. Rd4 {was worth a try.}) 32... d4 33. Qxe3 dxe3 34. Rde1 Bxe1 35. Rxe1 {Now Be6 and White clings on.} Rd2 36. Ne7+ Kd7 37. Nxc6 Kxc6 38. Rxe3 Rxb2 {KRR-KRB} 39. Bc4 Rdd2 40. Rg3 Rd1+ {Black mates.} 41. Kh2 Rbb1 {[%csl Gb1][%cal Rd1h1]} 42. Rg6 h4 {[%csl Gb1][%cal Rd1h1] Weighted Error Value: White=0.52/Black=0.09} 0-1